Mezinárodní třídění vynálezů : Sekce F. Mechanika. Osvětlování. Topení

Na minha lista:
Detalhes bibliográficos
Formato: Livro
Idioma:tcheco
Publicado em: Praha : Úřad pro vynálezy a objevy, 1984
Edição:4.vyd.
Tags: Adicionar Tag
Sem tags, seja o primeiro a adicionar uma tag!

MARC

LEADER 00000nam a22000003a 4500
001 stu18521
005 20150408181533.9
008 920409s1984----cs------------------cze-d
040 |a STU  |b slo 
041 0 |a cze 
044 |a cs 
080 |a 025.49  |7 A000002004 
245 |a Mezinárodní třídění vynálezů :  |b Sekce F. Mechanika. Osvětlování. Topení 
250 |a 4.vyd. 
260 |a Praha :  |b Úřad pro vynálezy a objevy,  |c 1984 
300 |a 421 s 
996 |b C74012  |c C*74012  |l CCI  |s A  |a 24  |w stu18521_0001 
996 |b CB1489  |c C*B1489  |l CCIV  |s P  |a 0  |w stu18521_0002